Pesca y acuicultura : (Registro nro. 19050)

Detalles MARC
000 -CABECERA
Campo de control 00976nam a2200241 a 4500
005 - FECHA Y HORA DE LA ULTIMA TRANSACCION
Campo de control 20170726020002.0
008 - ELEMENTOS DE LONGITUD FIJA—INFORMACION GENERAL
Campo de control 120224s2010 ck a gr 000 0dspa d
040 ## - FUENTE DE CATALOGACIÓN
Agencia catalogadora original CO-BoIAVH
Agencia transcriptora CO-BoIAVH
041 0# - IDIOMA
Código de idioma para texto/pista de sonido o título separado Español
044 ## - PAÍS DE PUBLICACIÓN
País de publicación Colombia
082 04 - NUMERO DE CLASIFICACION DECIMAL DEWEY
Número de clasificación 639.20986
Número del ítem C82p4
110 2# - ASIENTO PRINCIPAL--NOMBRE CORPORATIVO
Nombre corporativo o de jurisdicción como elemento de entrada Corporación Colombia Internacional.
9 (RLIN) 49935
245 10 - MENCION DE TITULO
Título Pesca y acuicultura :
Parte restante del título Colombia 2010 /
Mención de responsabilidad Corporación Colombia Internacional.
260 ## - PUBLICACION, DISTRIBUCION, ETC. (PIE DE IMPRENTA)
Lugar de publicación, distribución, etc. Bogotá, Colombia :
Nombre del editor, distribuidor, etc. Republica de Colombia. Ministerio de Agricultura y Desarrollo Rural,
Fecha de publicación, distribución, etc. 2010.
300 ## - DESCRIPCION FISICA
Extensión 84 paginas :
Otros detalles físicos ilustraciones ;
Dimensiones 28 x 21 cm.
500 ## - NOTA GENERAL
Nota general "Informe Técnico Regional Cuencas del Orinoco y Amazonas"
504 ## - NOTA DE BIBLIOGRAFIA, ETC.
Nota de bibliografía Incluye referencias bibliográficas.
650 26 - ASIENTO SECUNDARIO DE MATERIA - TERMINO TEMATICO
Término temático o nombre geográfico como elemento de entrada Pesca
Subdivisión geográfica Colombia
Subdivisión cronológica 2010
Subdivisión de forma Informe
9 (RLIN) 76504
650 26 - ASIENTO SECUNDARIO DE MATERIA - TERMINO TEMATICO
Término temático o nombre geográfico como elemento de entrada Recursos pesqueros
Subdivisión geográfica Colombia
Subdivisión cronológica 2010
Subdivisión de forma Informe
9 (RLIN) 76505
650 26 - ASIENTO SECUNDARIO DE MATERIA - TERMINO TEMATICO
Término temático o nombre geográfico como elemento de entrada Acuicultura
Subdivisión geográfica Colombia
Subdivisión cronológica 2010
Subdivisión de forma Informe
9 (RLIN) 76506
650 26 - ASIENTO SECUNDARIO DE MATERIA - TERMINO TEMATICO
Término temático o nombre geográfico como elemento de entrada Pesca marina
Subdivisión geográfica Colombia
Subdivisión cronológica 2010
Subdivisión de forma Informe
9 (RLIN) 76507
942 ## - ELEMENTOS ADICIONALES (KOHA)
Sistema de clasificación Dewey Decimal Classification
Tipo de ítem Libro
Koha issues (borrowed), all copies 1
Existencias
Withdrawn status Lost status Sistema de Clasificación Damaged status No para préstamo Colección Inventariado Ubicación Permanente Ubicación actual Fecha de adquisición Fuente de Valor Valor Total Checkouts Número topográfico Inventario / Código de Barras Date last seen Date checked out Ejemplar Price effective from Forma de adquisición Tipo de material
    Dewey Decimal Classification     General Inventariado 2017 Bogotá Bogotá 22/09/2016 Instituto 39000.00 1 LB-639.20986 C82p4 040719 18/08/2017 25/07/2017 Ej. 1 22/09/2016 Donación Libro
    Dewey Decimal Classification     General   Bogotá Bogotá 20/04/2018       LB-639.20986 C82p4 030075 20/04/2018   Ej. 3 20/04/2018 Donación Libro
    Dewey Decimal Classification     General   Sala Fabio Quevedo Sala Fabio Quevedo 20/04/2018     1 LB-639.20986 C82p4 030073 04/05/2018 03/05/2018 Ej. 2 20/04/2018 Donación Libro